000 00596nam a2200229Ia 4500
003 OSt
005 20220924153210.0
006 a|||||r|||| 00| 0
007 ta
008 220923b |||||||| |||| 00| 0 guj d
024 _a347198
037 _cTextual
040 _aARTS
_cARTS
_bguj
041 _2guj
_aguj
082 _aO156,6xN, L5
100 _aLalashankar Narmadashankar Au.
_9228287
245 0 _aNarmagadya
260 _c1975
650 _aGUJRATI LITERATURE
942 _hO156,6xN, L5
_cTEXL
_2CC
999 _c472684
_d472684